Universidad y Estado : (Record no. 162044)

MARC details
000 -CABECERA
campo de control de longitud fija 00840nam a2200253 a 4500
005 - FECHA Y HORA DE LA ÚLTIMA TRANSACCIÓN
campo de control 20251128063952.0
008 - ELEMENTOS DE LONGITUD FIJA--INFORMACIÓN GENERAL
campo de control de longitud fija 130228s1987 mx erz f001 e spa d
020 ## - NÚMERO INTERNACIONAL NORMALIZADO PARA LIBROS
Número Internacional Estándar del Libro 9682913527
035 ## - NÚMERO DE CONTROL DEL SISTEMA
Número de control de sistema UPN01000189941
040 ## - FUENTE DE LA CATALOGACIÓN
Centro catalogador/agencia de origen MX-MxUPN
Lengua de catalogación spa
Centro/agencia transcriptor MX-MxUPN
041 ## - CÓDIGO DE IDIOMA
Código de lengua del texto/banda sonora o título independiente spa
049 ## - COLECCIÓN
Colección UNE
050 ## - SIGNATURA TOPOGRÁFICA DE LA BIBLIOTECA DEL CONGRESO
Número de clasificación JA84
Número de documento/Ítem M33 1987
100 1# - ASIENTO PRINCIPAL--NOMBRE PERSONAL
Nombre de persona Madrid Hurtado, Miguel de la,
Fechas asociadas al nombre 1934-2012
9 (RLIN) 29216
245 00 - MENCIÓN DE TÍTULO
Título Universidad y Estado :
Resto del título perfiles de una relación.
260 ## - PUBLICACIÓN, DISTRIBUCIÓN, ETC.
Lugar de publicación, distribución, etc. México :
Nombre del editor, distribuidor, etc. Secretaría de Educación Pública,
Fecha de publicación, distribución, etc. 1987.
300 ## - DESCRIPCIÓN FÍSICA
Extensión 133 páginas
490 ## - MENCIÓN DE SERIE
Mención de serie Foro 2000
500 ## - NOTA GENERAL
Nota general libros de expresión y análisis de problemas actuales de México
650 #4 - ASIENTO SECUNDARIO DE MATERIA - TERMINO TEMATICO
Término de materia o nombre geográfico como elemento de entrada Educación superior y Estado
Subdivisión geográfica México
Subdivisión cronológica Siglo XXI
9 (RLIN) 53634
650 #4 - ASIENTO SECUNDARIO DE MATERIA - TERMINO TEMATICO
Término de materia o nombre geográfico como elemento de entrada Políticas de educación
9 (RLIN) 1460
902 ## - ELEMENTOS DE DATOS B LOCAL, LDB (RLIN)
Creó Maiella Martínez / 28082025
942 ## - ELEMENTOS DE PUNTO DE ACCESO ADICIONAL (KOHA)
Fuente del sistema de clasificación o colocación Library of Congress Classification
Tipo de ítem Koha Libro
Suprimir en OPAC No
Holdings
Estado de retiro Estado de pérdida Fuente del sistema de clasificación o colocación Estado dañado No para préstamo Código de colección Localización permanente Ubicación/localización actual Ubicación en estantería Fecha de adquisición Clasificación Código de barras Fecha visto por última vez Número de copia Tipo de ítem Koha Total de préstamos Precio válido a partir de
    Library of Congress Classification   Disponible (Préstamo en sala) UNESCO Bib. Gregorio Torres Quintero Bib. Gregorio Torres Quintero Colecciones especiales Planta alta 03/02/2023 JA84 M33 1987 U9319 31/12/2020 1 Libro    
    Library of Congress Classification   Disponible (Préstamo en sala) UNESCO Bib. Gregorio Torres Quintero Bib. Gregorio Torres Quintero Colecciones especiales Planta alta 28/08/2025 JA84 M33 1987 U14488 28/08/2025 Ej.2 Libro   28/08/2025